[Event "BRA-ch Amateur U1800"]
[Site "Sao Paulo"]
[Date "2016.05.29"]
[Round "7"]
[White "Andor, Jorge"]
[Black "Camargo, Luca Oshiro"]
[Result "0-1"]
[WhiteElo "1758"]
[BlackElo "1645"]
[PlyCount "56"]
[EventDate "2016.05.26"]
[EventType "swiss"]
[EventRounds "7"]
[EventCountry "BRA"]
[SourceTitle "EXT 2019"]
[Source "ChessBase"]
[SourceDate "2018.10.10"]
[SourceVersion "1"]
[SourceVersionDate "2018.10.10"]
[SourceQuality "1"]

1. e3 e5 2. b3 d5 3. Bb2 Bd6 4. c4 c6 5. f4 Qe7 6. fxe5 Bxe5 7. Bxe5 Qxe5 8. Na3 Nf6 9. Nf3 Qe7 10. Nc2 0-0 11. Be2 Bf5 12. 0-0 Nbd7 13. Ncd4 Bg6 14. Nh4 Qe4 15. Rf4 Qe5 16. Nxg6 hxg6 17. Rc1 Rad8 18. a4 Rfe8 19. Qc2 c5 20. Nf3 Qe7 21. Bd3 Ne5 22. Nxe5 Qxe5 23. Rcf1 d4 24. e4 a5 25. g3 Re7 26. Qb1 b6 27. Bc2 d3 28. Bxd3 Qd4+ 0-1

[Event "BRA-ch Amateur U1800"]
[Site "Sao Paulo"]
[Date "2016.05.26"]
[Round "1"]
[White "Andor, Jorge"]
[Black "Brujin, Homero"]
[Result "1-0"]
[WhiteElo "1758"]
[BlackElo "1419"]
[PlyCount "156"]
[EventDate "2016.05.26"]
[EventType "swiss"]
[EventRounds "7"]
[EventCountry "BRA"]
[SourceTitle "EXT 2019"]
[Source "ChessBase"]
[SourceDate "2018.10.10"]
[SourceVersion "1"]
[SourceVersionDate "2018.10.10"]
[SourceQuality "1"]

1. b3 d5 2. Bb2 Nf6 3. f4 e6 4. Nf3 Be7 5. g3 c5 6. Bg2 Nc6 7. 0-0 0-0 8. d3 Ng4 9. Qd2 d4 10. c3 Ne3 11. Rf2 Bf6 12. cxd4 cxd4 13. Na3 Ne7 14. Rc1 N7f5 15. Bh3 Re8 16. g4 Nh4 17. g5 Nxf3+ 18. Rxf3 Be7 19. Nc4 Nf5 20. Bxf5 exf5 21. Ne5 f6 22. gxf6 Bxf6 23. e3 Qd5 24. Rcf1 Bxe5 25. fxe5 Qxe5 26. Bxd4 Qd5 27. Qc3 Re7 28. e4 Qf7 29. Bxg7 f4 30. Be5 Bg4 31. Rxf4 Qg6 32. Rf6 Qg5 33. Bf4 Qh4 34. Bg3 Qh5 35. Qc4+ Kg7 36. Qd4 Kg8 37. e5 Be6 38. Qf4 Rf7 39. Rxf7 Qxf7 40. d4 Qxf4 41. Rxf4 Rc8 42. Re4 Rc1+ 43. Kf2 Rc2+ 44. Re2 Rc3 45. Rd2 Bd5 46. Bh4 Rf3+ 47. Ke2 Rf4 48. Bf6 Kf7 49. Ke3 Rf3+ 50. Ke2 Rh3 51. Kd1 Rf3 52. Bg5 Rf1+ 53. Kc2 Be4+ 54. Kc3 Bd5 55. Kb4 Ke6 56. h4 Rf7 57. Bf6 Rc7 58. Bg5 Rf7 59. Rc2 Bc6 60. a4 Kd5 61. Be3 Ke4 62. Bf2 Kd3 63. Rb2 Rf4 64. Kc5 Kc3 65. Re2 Kxb3 66. a5 Rf5 67. a6 Bf3 68. Re3+ Ka4 69. axb7 Bxb7 70. Be1 a6 71. d5 a5 72. Re4+ Kb3 73. Bxa5 Ka3 74. Bc3 Rf8 75. Bd2 Rc8+ 76. Kd4 Ba6 77. e6 Rc4+ 78. Ke5 Rc5 1-0

[Event "Sao Paulo op-B U2050 4th"]
[Site "Sao Paulo"]
[Date "2016.03.25"]
[Round "2"]
[White "Andor, Jorge"]
[Black "Ribeiro, Marcos Willian de S"]
[Result "1-0"]
[WhiteElo "1725"]
[BlackElo "2013"]
[PlyCount "141"]
[EventDate "2016.03.24"]
[EventType "swiss"]
[EventRounds "7"]
[EventCountry "BRA"]
[SourceTitle "CBM 171 Extra"]
[Source "ChessBase"]
[SourceDate "2016.04.26"]
[SourceVersion "1"]
[SourceVersionDate "2016.04.26"]
[SourceQuality "1"]

1. d4 f5 2. Nf3 Nf6 3. g3 g6 4. Bg2 Bg7 5. c4 d6 6. Nc3 c6 7. 0-0 0-0 8. Re1 Na6 9. a3 h6 10. Rb1 Qe8 11. b4 e5 12. dxe5 dxe5 13. Bb2 Qe7 14. e3 g5 15. Qc2 g4 16. Nh4 Qe6 17. Ne2 Nd7 18. c5 Nc7 19. f4 a5 20. Rbd1 axb4 21. axb4 Ra2 22. Rd6 Qf7 23. Nc1 Nb5 24. Rg6 Na3 25. Qe2 Rxb2 26. Qxb2 Nb5 27. Bf1 exf4 28. Bc4 Kh7 29. Rxg7+ Qxg7 30. Qxg7+ Kxg7 31. Bxb5 cxb5 32. exf4 Kf7 33. Nxf5 Nf6 34. Nd6+ Kg6 35. Nd3 Nd5 36. Kf2 b6 37. cxb6 Nxb6 38. Nxc8 Nxc8 39. Re6+ Rf6 40. Ne5+ Kf5 41. Rxf6+ Kxf6 42. Nxg4+ Kg7 43. Ne5 Nb6 44. Nd3 Kf6 45. Kf3 Nd5 46. g4 Ke6 47. h4 Kf6 48. Ke4 Ke6 49. Kd4 Kd6 50. f5 Ne7 51. Nf4 Nc6+ 52. Ke4 Nxb4 53. g5 hxg5 54. hxg5 Nc6 55. g6 Ke7 56. Nd5+ Kf8 57. f6 b4 58. Nf4 Nd8 59. Kd3 Ke8 60. Kc4 Kf8 61. Kxb4 Nc6+ 62. Kc5 Ne5 63. Kd5 Nd7 64. Ke6 Nc5+ 65. Kf5 Nd7 66. Ne6+ Ke8 67. f7+ Ke7 68. f8Q+ Nxf8 69. Nxf8 Kxf8 70. Kf6 Kg8 71. g7 1-0

[Event "Sao Paulo op-B 3rd"]
[Site "Sao Paulo"]
[Date "2015.09.20"]
[Round "5"]
[White "Farah, Daniel Landshoff"]
[Black "Andor, Jorge"]
[Result "1-0"]
[WhiteElo "1906"]
[BlackElo "1715"]
[PlyCount "82"]
[EventDate "2015.09.17"]
[EventType "swiss"]
[EventRounds "6"]
[EventCountry "BRA"]
[SourceTitle "EXT 2016"]
[Source "ChessBase"]
[SourceDate "2015.10.08"]
[SourceVersion "1"]
[SourceVersionDate "2015.10.08"]
[SourceQuality "1"]

1. e4 e5 2. Nf3 Nc6 3. Bb5 Nf6 4. 0-0 d6 5. d4 Bd7 6. Re1 Be7 7. Nc3 0-0 8. h3 exd4 9. Nxd4 Ne5 10. Be2 a6 11. f4 Ng6 12. Nf5 Re8 13. Nxe7+ Rxe7 14. f5 Ne5 15. Bg5 Bc6 16. Bxf6 gxf6 17. Bf1 Qf8 18. Qd2 Qg7 19. Re3 Kh8 20. Rae1 Qg5 21. Qf2 Rg8 22. Nd5 Bxd5 23. exd5 Qh6 24. Re4 Rg5 25. Rh4 Qg7 26. Kh1 h6 27. Re3 Kh7 28. Rb4 b5 29. a4 c5 30. dxc6 Nxc6 31. Rxe7 Nxe7 32. axb5 axb5 33. Rxb5 Qf8 34. Rb7 Kg7 35. Bd3 d5 36. Qf3 h5 37. b4 h4 38. b5 Ng8 39. Qxd5 Qe8 40. Qe4 Qc8 41. Qc6 Qe8 1-0

[Event "Cordeiropolis Freitas Levy Memorial"]
[Site "Cordeiropolis"]
[Date "2015.05.22"]
[Round "1"]
[White "Andor, Jorge"]
[Black "Queiroz, Alberto Becker"]
[Result "0-1"]
[WhiteElo "1737"]
[BlackElo "2164"]
[PlyCount "88"]
[EventDate "2015.05.22"]
[EventType "swiss"]
[EventRounds "6"]
[EventCountry "BRA"]
[SourceTitle "CBM 166 Extra"]
[Source "ChessBase"]
[SourceDate "2015.06.18"]
[SourceVersion "1"]
[SourceVersionDate "2015.06.18"]
[SourceQuality "1"]

1. e4 c6 2. d4 d5 3. e5 Bf5 4. Nf3 e6 5. Be2 Nh6 6. 0-0 Nd7 7. h3 Rc8 8. c4 dxc4 9. Bxc4 Nb6 10. Bd3 Bxd3 11. Qxd3 Be7 12. g4 c5 13. Qb5+ Qd7 14. a4 0-0 15. Bxh6 gxh6 16. Rd1 Qd5 17. Nbd2 cxd4 18. Qxd5 Nxd5 19. Nxd4 Nf4 20. Kh2 Nd3 21. Ne4 Nxe5 22. f4 Nc6 23. Nb5 Rfd8 24. Kg3 a6 25. Nbc3 Nd4 26. Rd2 Nb3 27. Rxd8+ Rxd8 28. Rd1 Rxd1 29. Nxd1 f5 30. gxf5 exf5 31. Nec3 Kf7 32. Ne3 Ke6 33. Kf2 Nc5 34. Kf3 Bf6 35. Ned5 Nxa4 36. Nxf6 Nxc3 37. bxc3 Kxf6 38. Ke3 Ke6 39. Kd4 Kd6 40. Kc4 Kc6 41. Kd4 a5 42. c4 a4 43. h4 h5 44. c5 a3 0-1

[Event "BRA-ch Amateur"]
[Site "Sao Paulo"]
[Date "2015.04.02"]
[Round "4"]
[White "Primo E Silva, Beatriz"]
[Black "Andor, Jorge"]
[Result "1/2-1/2"]
[WhiteElo "1467"]
[BlackElo "1761"]
[PlyCount "85"]
[EventDate "2015.04.30"]
[EventType "swiss"]
[EventRounds "7"]
[EventCountry "BRA"]
[SourceTitle "EXT 2022"]
[Source "ChessBase"]
[SourceDate "2021.10.06"]
[SourceVersion "1"]
[SourceVersionDate "2021.10.06"]
[SourceQuality "1"]

1. d4 Nf6 2. c4 g6 3. Nc3 Bg7 4. e4 d6 5. f3 0-0 6. Bg5 Nbd7 7. Qd2 e5 8. d5 a5 9. a4 Re8 10. g4 Nc5 11. Ra3 Qe7 12. h4 Qf8 13. Nb5 Na6 14. h5 b6 15. hxg6 fxg6 16. Qh2 h5 17. Qh4 Bd7 18. Ne2 c6 19. Nbc3 Nb4 20. Kd1 hxg4 21. fxg4 cxd5 22. cxd5 Rac8 23. Nb1 Rc4 24. Bxf6 Qxf6 25. g5 Bxa4+ 26. Rxa4 Qf3 27. Ra3 Qxe4 28. Qxe4 Rxe4 29. Rg1 Rc8 30. Bh3 Rc2 31. Be6+ Kf8 32. Rf1+ Ke8 33. Bf7+ Kd8 34. Bxg6 Rcxe2 35. Bxe4 Rxe4 36. Rf7 Rd4+ 37. Ke2 Re4+ 38. Kf3 Rf4+ 39. Rxf4 exf4 40. Kxf4 Bxb2 41. Rb3 Be5+ 42. Ke4 Kc7 43. Na3 1/2-1/2

[Event "BRA-ch Amateur"]
[Site "Sao Paulo"]
[Date "2015.04.01"]
[Round "3"]
[White "Andor, Jorge"]
[Black "Castro, Leonardo Nascimento"]
[Result "0-1"]
[WhiteElo "1761"]
[BlackElo "1550"]
[PlyCount "70"]
[EventDate "2015.04.30"]
[EventType "swiss"]
[EventRounds "7"]
[EventCountry "BRA"]
[SourceTitle "EXT 2022"]
[Source "ChessBase"]
[SourceDate "2021.10.06"]
[SourceVersion "1"]
[SourceVersionDate "2021.10.06"]
[SourceQuality "1"]

1. b3 Nf6 2. Bb2 g6 3. Bxf6 exf6 4. c4 Bg7 5. Nc3 f5 6. Rc1 0-0 7. g3 Qf6 8. Nd5 Qd6 9. Bg2 c6 10. c5 Qe5 11. f4 Qb2 12. Nc7 Qxa2 13. Nxa8 Qa5 14. Nf3 Na6 15. Qc2 b5 16. cxb6 axb6 17. 0-0 Nb4 18. Qb1 Qxa8 19. Rc4 c5 20. e4 Ba6 21. exf5 d5 22. Ne5 Qd8 23. Rcc1 Bxf1 24. Rxf1 Re8 25. fxg6 hxg6 26. Nd3 Nxd3 27. Qxd3 d4 28. f5 g5 29. Qc4 Bf6 30. Bd5 Qd7 31. Ra1 Re5 32. Ra8+ Kg7 33. Bg2 Qxf5 34. h3 Re1+ 35. Kh2 Be5 0-1

[Event "BRA-ch Amateur"]
[Site "Sao Paulo"]
[Date "2015.04.01"]
[Round "2"]
[White "Brandao, Renan Alves"]
[Black "Andor, Jorge"]
[Result "1-0"]
[WhiteElo "2113"]
[BlackElo "1761"]
[PlyCount "133"]
[EventDate "2015.04.30"]
[EventType "swiss"]
[EventRounds "7"]
[EventCountry "BRA"]
[SourceTitle "EXT 2022"]
[Source "ChessBase"]
[SourceDate "2021.10.06"]
[SourceVersion "1"]
[SourceVersionDate "2021.10.06"]
[SourceQuality "1"]

1. d4 Nf6 2. Nc3 d5 3. Bg5 Ne4 4. Nxe4 dxe4 5. f3 h6 6. Bf4 g5 7. Be5 f6 8. Bg3 Bf5 9. e3 Bg7 10. fxe4 Bxe4 11. Qh5+ Kf8 12. Nf3 c6 13. Bc4 Qe8 14. Qxe8+ Kxe8 15. 0-0-0 Nd7 16. h4 b5 17. Be2 Kf7 18. Rdf1 g4 19. Ne1 h5 20. Bd3 Bg6 21. Bxg6+ Kxg6 22. Nd3 a5 23. Rf2 e5 24. dxe5 fxe5 25. Rhf1 Rad8 26. Rf5 Bh6 27. Nxe5+ Nxe5 28. Rxe5 Rhe8 29. Re1 Rxe5 30. Bxe5 Kf5 31. Bc7 Re8 32. Kd2 a4 33. Kd3 Re7 34. e4+ Ke6 35. Ba5 c5 36. Ke2 Rd7 37. Kf2 Rf7+ 38. Ke2 Rf4 39. Kd1 Rf2 40. Re2 g3 41. Rxf2 gxf2 42. Ke2 Be3 43. Bc7 b4 44. Bg3 c4 45. b3 cxb3 46. cxb3 axb3 47. axb3 Bc5 48. Bxf2 Be7 49. Kd3 Bf6 50. g3 Bc3 51. Be3 Be1 52. Bf4 Bc3 53. Ke2 Bd4 54. Kf3 Bc3 55. g4 hxg4+ 56. Kxg4 Kf6 57. h5 Bd4 58. Kf3 Bc3 59. Ke2 Kg7 60. Kd3 Kf6 61. Kc4 Ke6 62. h6 Kf7 63. Kd5 Kg8 64. e5 Kh7 65. e6 Kg6 66. Be5 Kxh6 67. e7 1-0

[Event "Campinas Fazer op"]
[Site "Campinas"]
[Date "2015.03.21"]
[Round "3"]
[White "Oliveira, Jhonny Silva"]
[Black "Andor, Jorge"]
[Result "1-0"]
[WhiteElo "1570"]
[BlackElo "1761"]
[PlyCount "54"]
[EventDate "2015.03.20"]
[EventType "swiss"]
[EventRounds "6"]
[EventCountry "BRA"]
[SourceTitle "EXT 2018"]
[Source "ChessBase"]
[SourceDate "2017.10.13"]
[SourceVersion "1"]
[SourceVersionDate "2017.10.13"]
[SourceQuality "1"]

1. e4 c5 2. Nf3 d6 3. d4 cxd4 4. Nxd4 Nf6 5. Nc3 a6 6. Be2 e5 7. Nf3 Be6 8. 0-0 Be7 9. h3 0-0 10. Bg5 Nbd7 11. Bd3 Rc8 12. Bxf6 Nxf6 13. Nd5 Bxd5 14. exd5 e4 15. Be2 exf3 16. Bxf3 Re8 17. Qd3 Bf8 18. g4 h6 19. Kg2 Qc7 20. c3 Qc4 21. Qxc4 Rxc4 22. Rad1 Nd7 23. Kg3 g5 24. h4 Bg7 25. hxg5 hxg5 26. Rh1 Ne5 27. Rde1 Rf4 1-0

[Event "Mogi das Cruzes Catropa Memorial"]
[Site "Mogi das Cruzes"]
[Date "2014.09.07"]
[Round "6"]
[White "De Oliveira, Francemir Barra"]
[Black "Andor, Jorge"]
[Result "1-0"]
[WhiteElo "1736"]
[BlackElo "1778"]
[PlyCount "91"]
[EventDate "2014.09.05"]
[EventType "swiss"]
[EventRounds "6"]
[EventCountry "BRA"]
[SourceTitle "CBM 162 Extra"]
[Source "ChessBase"]
[SourceDate "2014.10.17"]
[SourceVersion "1"]
[SourceVersionDate "2014.10.17"]
[SourceQuality "1"]

1. e4 g6 2. d4 d6 3. Be2 Nf6 4. Nc3 Bg7 5. g4 h6 6. h3 c6 7. Be3 b5 8. Qd2 b4 9. Na4 Qa5 10. b3 Nxe4 11. Qc1 Na6 12. Bd3 f5 13. Ne2 c5 14. f3 cxd4 15. Bxd4 Bxd4 16. Nxd4 Nec5 17. Bb5+ Bd7 18. Bxd7+ Kxd7 19. gxf5 Nxa4 20. bxa4 Qe5+ 21. Ne2 gxf5 22. f4 Qe4 23. Rg1 Rac8 24. Kd2 Nc5 25. Rg3 a5 26. Qg1 Nxa4 27. Rc1 Nc5 28. c4 bxc3+ 29. Rcxc3 Qd5+ 30. Ke1 Qxa2 31. Qd4 Qb1+ 32. Rc1 Qe4 33. Qd1 h5 34. Rcc3 h4 35. Rge3 Qb4 36. Kf1 Rhg8 37. Qd5 Rgf8 38. Rxc5 e5 39. Rb5 Rc1+ 40. Nxc1 Qxf4+ 41. Ke2 Qh2+ 42. Kd1 Qg1+ 43. Kd2 Qf2+ 44. Ne2 f4 45. Rb7+ Ke8 46. Qe6+ 1-0

[Event "Sao Paulo op-B U2050"]
[Site "Sao Paulo"]
[Date "2014.04.06"]
[Round "6"]
[White "Freire, Airon"]
[Black "Andor, Jorge"]
[Result "0-1"]
[WhiteElo "1519"]
[BlackElo "1792"]
[PlyCount "126"]
[EventDate "2014.04.03"]
[EventType "swiss"]
[EventRounds "6"]
[EventCountry "BRA"]
[SourceTitle "CBM 159 Extra"]
[Source "ChessBase"]
[SourceDate "2014.04.24"]
[SourceVersion "1"]
[SourceVersionDate "2014.04.24"]
[SourceQuality "1"]

1. Nf3 c5 2. c4 Nc6 3. b3 Nf6 4. Bb2 a5 5. g3 g6 6. Bg2 Bg7 7. 0-0 0-0 8. d3 d5 9. cxd5 Nxd5 10. Bxg7 Kxg7 11. Nbd2 e6 12. Ne4 b6 13. d4 f5 14. Neg5 h6 15. Nh3 Qd6 16. dxc5 bxc5 17. Nf4 Ba6 18. Nxd5 exd5 19. Qc2 Nb4 20. Qb2+ Qf6 21. Qxf6+ Kxf6 22. Rfc1 a4 23. bxa4 Bxe2 24. Rxc5 Rxa4 25. Nd4 Bc4 26. a3 Rfa8 27. Nb5 R4a5 28. Nc7 Rxc5 29. Nxa8 Nc2 30. Rc1 Nxa3 31. Bxd5 Rxd5 32. Nb6 Rd4 33. Nxc4 Nxc4 34. Ra1 Rd6 35. Rc1 Ne5 36. Rc8 h5 37. h4 Rc6 38. Rf8+ Ke6 39. Re8+ Kd5 40. Kg2 Ng4 41. Re2 Rc4 42. Rd2+ Rd4 43. Rc2 Rd3 44. Re2 Ne5 45. Ra2 Rd4 46. Ra5+ Ke4 47. Ra3 f4 48. f3+ Kf5 49. gxf4 Kxf4 50. Ra8 Rd2+ 51. Kh3 Nxf3 52. Rf8+ Ke4 53. Rxf3 Rh2+ 54. Kxh2 Kxf3 55. Kh3 Kf4 56. Kg2 Kg4 57. Kh1 Kxh4 58. Kh2 Kg4 59. Kg2 h4 60. Kh2 Kf3 61. Kh1 Kf2 62. Kh2 g5 63. Kh1 g4 0-1

[Event "Sao Paulo op-B U2050"]
[Site "Sao Paulo"]
[Date "2014.04.05"]
[Round "3"]
[White "Andor, Jorge"]
[Black "Sangiovanni, Marcello Gouveia"]
[Result "1-0"]
[WhiteElo "1792"]
[BlackElo "1783"]
[PlyCount "139"]
[EventDate "2014.04.03"]
[EventType "swiss"]
[EventRounds "6"]
[EventCountry "BRA"]
[SourceTitle "CBM 159 Extra"]
[Source "ChessBase"]
[SourceDate "2014.04.24"]
[SourceVersion "1"]
[SourceVersionDate "2014.04.24"]
[SourceQuality "1"]

1. b3 d5 2. Bb2 e6 3. e3 Nf6 4. f4 c5 5. Nf3 h6 6. c4 dxc4 7. Bxc4 Nc6 8. 0-0 Bd6 9. Nc3 0-0 10. Kh1 b6 11. Nb5 a6 12. Nxd6 Qxd6 13. a3 Qe7 14. Qc2 Bb7 15. Rad1 Rfd8 16. Qc3 b5 17. Be2 Rd7 18. g4 b4 19. Qc1 Nxg4 20. h3 Nf6 21. Rg1 bxa3 22. Bxa3 Ne4 23. Kh2 Nb4 24. Bb2 g6 25. Rg2 Rad8 26. Rdg1 Nxd2 27. Rxg6+ fxg6 28. Rxg6+ Kf8 29. Ne5 Qh4 30. Qg1 Ke7 31. Nxd7 Rxd7 32. Bf6+ Qxf6 33. Rxf6 Kxf6 34. Qa1+ Kg6 35. Qe5 Bd5 36. Bh5+ Kh7 37. f5 Nd3 38. Bg6+ Kg8 39. Qb8+ Kg7 40. Qe8 Nf3+ 41. Kg3 Nfe5 42. fxe6 Bxe6 43. Qxe6 Ra7 44. Bxd3 Nxd3 45. Qd5 Ne1 46. Qxc5 Rf7 47. Qc3+ Kg6 48. Qxe1 Kg5 49. e4 h5 50. Qa5+ Kg6 51. Qxa6+ Rf6 52. Qxf6+ Kxf6 53. Kf4 h4 54. b4 Ke6 55. e5 Kd7 56. b5 Kc7 57. e6 Kd6 58. Kf5 Ke7 59. Ke5 Kd8 60. Kd6 Ke8 61. e7 Kf7 62. b6 Kf6 63. e8R Kf5 64. b7 Kf6 65. Re5 Kg6 66. Ke6 Kg7 67. Rg5+ Kh6 68. Rg4 Kh5 69. b8R Kh6 70. Rh8# 1-0

[Event "BRA-ch Amateur"]
[Site "Sao Paulo"]
[Date "2014.03.02"]
[Round "3"]
[White "Andor, Jorge"]
[Black "Rocha, Vitor Firmo de Souz"]
[Result "0-1"]
[WhiteElo "1801"]
[BlackElo "2015"]
[PlyCount "142"]
[EventDate "2014.03.01"]
[EventType "swiss"]
[EventRounds "7"]
[EventCountry "BRA"]
[SourceTitle "EXT 2016"]
[Source "ChessBase"]
[SourceDate "2015.10.08"]
[SourceVersion "1"]
[SourceVersionDate "2015.10.08"]
[SourceQuality "1"]

1. b3 e5 2. Bb2 Nc6 3. e3 Nf6 4. Bb5 Bd6 5. Na3 Na5 6. Nc4 Nxc4 7. bxc4 Qe7 8. Ne2 0-0 9. 0-0 c6 10. Ba4 Bc7 11. f4 d6 12. Bb3 Bd7 13. a4 Rad8 14. Qe1 Rfe8 15. fxe5 dxe5 16. Qh4 Be6 17. d3 Nd7 18. Qf2 Nc5 19. Ba3 Bd6 20. d4 Ne4 21. Bxd6 Nxd6 22. d5 cxd5 23. cxd5 Bf5 24. Ng3 Bg6 25. c4 Rc8 26. Rac1 b6 27. a5 bxa5 28. c5 Nb5 29. d6 Qd7 30. h4 Rf8 31. e4 Nd4 32. Bd5 h6 33. h5 Bh7 34. Ne2 Ne6 35. Rfd1 Rfd8 36. Ng3 Qb5 37. Nf5 Bxf5 38. Qxf5 Nxc5 39. Bxf7+ Kh8 40. Qxe5 Qb6 41. Kh2 Nd7 42. Qf4 Rc5 43. Rb1 Qa6 44. Be6 Ne5 45. Bf5 Qc6 46. Bg6 a4 47. Rbc1 a3 48. Qxe5 Rxc1 49. Rxc1 Qxc1 50. d7 Rf8 51. Be8 Qd2 52. Qe7 Rf2 53. d8Q Rxg2+ 54. Kh3 Rh2+ 55. Kg4 Rg2+ 56. Kf5 Qf2+ 57. Ke6 Qa2+ 58. Kd7 Rd2+ 59. Kc7 Rxd8 60. Qxd8 Qc4+ 61. Bc6+ Kh7 62. Qd5 Qb4 63. e5 Qe7+ 64. Bd7 a2 65. Qe4+ Kg8 66. Qe1 Qc5+ 67. Kd8 Qb6+ 68. Ke7 Qc5+ 69. Kd8 Qb6+ 70. Ke7 Qc5+ 71. Kd8 Qd4 0-1

[Event "Sao Paulo Hebraica op 17th"]
[Site "Sao Paulo"]
[Date "2014.01.09"]
[Round "1"]
[White "Andor, Jorge"]
[Black "D'Israel, Davy Maurice"]
[Result "0-1"]
[WhiteElo "1802"]
[BlackElo "2205"]
[PlyCount "42"]
[EventDate "2014.01.09"]
[EventType "swiss"]
[EventRounds "6"]
[EventCountry "BRA"]
[SourceTitle "CBM 158 Extra"]
[Source "ChessBase"]
[SourceDate "2014.02.28"]
[SourceVersion "1"]
[SourceVersionDate "2014.02.28"]
[SourceQuality "1"]

1. e4 c5 2. Nf3 Nc6 3. Nc3 Nf6 4. d4 cxd4 5. Nxd4 e5 6. Ndb5 d6 7. Bg5 a6 8. Na3 b5 9. Nd5 Be7 10. Bxf6 Bxf6 11. c3 0-0 12. Nc2 Bg5 13. h4 Bh6 14. g4 Bf4 15. Nxf4 exf4 16. f3 Ne5 17. Nd4 Re8 18. Be2 d5 19. Qd2 dxe4 20. Qxf4 exf3 21. Nxf3 Nd3+ 0-1

[Event "Pan American-ch Amateur"]
[Site "Montevideo"]
[Date "2013.10.26"]
[Round "5"]
[White "Andor, Jorge"]
[Black "Torres Acosta, Raul"]
[Result "1-0"]
[WhiteElo "1836"]
[BlackElo "1549"]
[PlyCount "85"]
[EventDate "2013.10.24"]
[EventType "swiss"]
[EventRounds "9"]
[EventCountry "URU"]
[SourceTitle "EXT 2014"]
[Source "ChessBase"]
[SourceDate "2013.11.20"]
[SourceVersion "1"]
[SourceVersionDate "2013.11.20"]
[SourceQuality "1"]

1. Nf3 Nf6 2. b3 d5 3. Bb2 c5 4. e3 Nc6 5. Bb5 Bd7 6. 0-0 a6 7. Bxc6 Bxc6 8. Ne5 Qc7 9. a4 Nd7 10. Nxc6 Qxc6 11. d3 Qg6 12. Nd2 e6 13. f4 Nf6 14. Qf3 Be7 15. a5 0-0 16. h3 Nd7 17. e4 d4 18. Nc4 f6 19. f5 exf5 20. exf5 Qf7 21. Qxb7 Ne5 22. Rae1 Rfb8 23. Qe4 Nxc4 24. dxc4 Kf8 25. Qd3 Re8 26. Re6 Bd8 27. Rfe1 Bxa5 28. R1e2 Bc7 29. Ba3 Be5 30. Bxc5+ Kg8 31. Rxe8+ Rxe8 32. g4 Qc7 33. Bb4 Rb8 34. Be1 Re8 35. Kg2 a5 36. Qe4 Rd8 37. Qf3 a4 38. bxa4 Qxc4 39. Qb3 Qxb3 40. cxb3 d3 41. Ra2 Bf4 42. Bd2 Rc8 43. Bxf4 1-0

[Event "Pan American-ch Amateur"]
[Site "Montevideo"]
[Date "2013.10.24"]
[Round "1"]
[White "Andor, Jorge"]
[Black "Guidali, Leonardo"]
[Result "1-0"]
[WhiteElo "1836"]
[BlackElo "1769"]
[PlyCount "71"]
[EventDate "2013.10.24"]
[EventType "swiss"]
[EventRounds "9"]
[EventCountry "URU"]
[SourceTitle "EXT 2014"]
[Source "ChessBase"]
[SourceDate "2013.11.20"]
[SourceVersion "1"]
[SourceVersionDate "2013.11.20"]
[SourceQuality "1"]

1. b3 d6 2. Bb2 e5 3. e3 Nc6 4. Bb5 a6 5. Bxc6+ bxc6 6. d4 exd4 7. Qxd4 Nf6 8. Nf3 c5 9. Qf4 Be7 10. 0-0 0-0 11. Nbd2 Be6 12. h3 Rb8 13. c4 Qd7 14. Rfd1 Nh5 15. Qh2 Bf6 16. Bxf6 Nxf6 17. e4 Qc6 18. e5 Nd7 19. exd6 cxd6 20. Ng5 d5 21. Nxe6 fxe6 22. cxd5 exd5 23. Rac1 Rb4 24. Nf3 Rbf4 25. Qg3 Nb6 26. Ne5 Qb5 27. f3 Qe2 28. Qe1 Qxe1+ 29. Rxe1 c4 30. bxc4 dxc4 31. Red1 Re8 32. Ng4 Re2 33. Rd6 Na4 34. Rxa6 Rxa2 35. Ra8+ Kf7 36. Ne5+ 1-0

[Event "Americana Paulista op"]
[Site "Americana"]
[Date "2013.09.22"]
[Round "5"]
[White "Andor, Jorge"]
[Black "Vivaldo, Leonardo Vicente"]
[Result "0-1"]
[WhiteElo "1836"]
[BlackElo "2032"]
[PlyCount "58"]
[EventDate "2013.09.20"]
[EventType "swiss"]
[EventRounds "6"]
[EventCountry "BRA"]
[SourceTitle "CBM 156 Extra"]
[Source "ChessBase"]
[SourceDate "2013.10.22"]
[SourceVersion "1"]
[SourceVersionDate "2013.10.22"]
[SourceQuality "1"]

1. e4 c5 2. Nf3 Nc6 3. d4 cxd4 4. Nxd4 g6 5. Be3 Bg7 6. Nc3 Nf6 7. f3 0-0 8. Qd2 d5 9. Nxc6 bxc6 10. exd5 cxd5 11. 0-0-0 Be6 12. Bd4 Qa5 13. g4 Rab8 14. a3 Rfd8 15. h4 Rd7 16. Nb1 Qa4 17. h5 Rdb7 18. hxg6 hxg6 19. b4 a5 20. c3 axb4 21. axb4 Rc8 22. g5 Qxb4 23. Bd3 Qxd4 24. gxf6 Bxf6 25. Qc2 Rxb1+ 26. Kxb1 Rxc3 27. Bxg6 Qb4+ 28. Qb2 Rb3 29. Bh7+ Kf8 0-1